|
|
|
|
| LEADER |
00000nam a22000007a 4500 |
| 005 |
2011083106036.0 |
| 008 |
110831t2010 mx ||||s|||| 00| 0 spa d |
| 020 |
|
|
|a 978-607-7603-66-5
|
| 035 |
|
|
|a 5511
|
| 040 |
|
|
|a vLex
|
| 090 |
|
|
|c 2316
|d 2316
|
| 100 |
1 |
|
|a Ortiz, Mauricio
|
| 245 |
1 |
3 |
|a La salud
|c Mauricio Ortiz
|h [Recurso electrn̤ico] /
|
| 256 |
|
|
|a Servicio en ln̕ea.
|
| 260 |
|
|
|a [Mx̌ico] :
|b Nostra Ediciones,
|c 2010.
|
| 500 |
|
|
|a La historia de la salud pb︢lica en Mx̌ico es un catalizador fundamental del crecimiento del pas̕: la revisin̤ de su desarrollo es imprescindible para pensar los retos que enfrentamos. En esta obra e lector encontrar ̀una retrospectiva no sl̤o mďica sino tambiň humanista de las medidas de atencin̤ a la salud dese el descubrimiento de las vacunas y su introduccin̤ en la Nueva Espaą, hasta la compleja panorm̀ica de la nueva esperanza de vida que marca la inversin̤ de la pirm̀ide poblacional en nuestro pas̕, caracterizada por sus desigualdades sociales extremas. La visin̤ aguda y a la vez filosf̤ica del autor, aunada a una exposicin̤
|
| 506 |
1 |
|
|a Contenido solo disponible en los productos indicados
|d vLex Global
|d vLex Global (Academic Edition, excluding Law Schools)
|d vLex Global (U.S. Academic Edition, Law Schools)
|d vLex Global (U.S. Academic Edition, excluding Law Schools)
|d vLex Global (Academic Edition, Law Schools)
|
| 650 |
0 |
4 |
|a Salud pb︢lica
|z Mx̌ico
|
| 740 |
0 |
|
|a vLex Libros (Servicio en ln̕ea)
|
| 856 |
4 |
0 |
|u http://vlex.com/source/salud-5511
|z Acceso restringido
|
| 942 |
|
|
|c BOOK
|